LIBRARY & INFORMATION CENTRE, KCAET, TAVANUR

ONLINE PUBLIC ACCESS CATALOGUE (OPAC)

Instrumentation devices and systems / (Record no. 9304)

MARC details
000 -LEADER
fixed length control field 00512cam a2200193ua 4500
003 - CONTROL NUMBER IDENTIFIER
control field OSt
008 - FIXED-LENGTH DATA ELEMENTS--GENERAL INFORMATION
fixed length control field 250104b |||||||| |||| 00| 0 eng d
020 ## - INTERNATIONAL STANDARD BOOK NUMBER
ISBN 0 07 451852 6
041 ## - LANGUAGE CODE
Language code of text/sound track or separate title eng
082 ## - DEWEY DECIMAL CLASSIFICATION NUMBER
Classification number 621.371
Item number RAN/IN
100 ## - MAIN ENTRY--AUTHOR NAME
Personal name Rangen, CS .
245 ## - TITLE STATEMENT
Title Instrumentation devices and systems /
260 ## - PUBLICATION, DISTRIBUTION, ETC. (IMPRINT)
Place of publication New Delhi :
Name of publisher Tata Mc-Graw Hill Publishing Company ,
Year of publication 1993.
300 ## - PHYSICAL DESCRIPTION
Number of Pages 529 ; .
500 ## - GENERAL NOTE
General note *CSS
700 1# - ADDED ENTRY--PERSONAL NAME
Personal name Mani, V SV ` .
700 1# - ADDED ENTRY--PERSONAL NAME
Personal name Sarma, G R .
942 ## - ADDED ENTRY ELEMENTS (KOHA)
Koha item type Books
Holdings
Withdrawn status Lost status Damaged status Home library Current library Date acquired Full call number Accession Number Koha item type
      KAUAET KAUAET 07/04/2012 621.371 RAN/IN 18386 Books
Withdrawn     KAUAET KAUAET 07/04/2012 621.371 21147 Books
free website counter